书目信息 |
| 题名: |
国际专利分类表使用指南
|
|
| 作者: | ;中国专利局文献服务中心 译 | |
| 分册: | ||
| 出版信息: | 北京 专利文献出版社 1984 |
|
| 页数: | 335页 | |
| 开本: | 25cm | |
| 丛书名: | ||
| 单 册: | ||
| 中图分类: | G354.21 | |
| 科图分类: | ||
| 主题词: | 分类目录 , 分类法 | |
| 电子资源: | ||
| ISBN: | ||
| 000 | 00722nam0 2200241 45 | |
| 001 | 0184014260 | |
| 005 | 20050428152546.1 | |
| 010 | @dCNY5.00 | |
| 091 | @a17242.74 | |
| 100 | @a19950622d1984 em y0chiy0121 ea | |
| 101 | 1 | @achi |
| 102 | @aCN@b110000 | |
| 105 | @ay z 000yy | |
| 200 | 10 | @a国际专利分类表使用指南@Aguo ji zhuan li fen lei biao shi yong zhi nan@f中国专利局文献服务中心译@FZhong Guo Zhuan Li Ju Wen Xian Fu Wu Zhong XinYi |
| 210 | @a北京@c专利文献出版社@d1984 | |
| 215 | @a335页@d25cm | |
| 606 | 0 | @a分类目录 |
| 606 | @a分类法 | |
| 690 | @aG354.21@v3 | |
| 711 | 02 | @a中国专利局文献服务中心@4译 |
| 801 | 0 | @aCN@b上海图书馆@c20040430 |
| 801 | 2 | @aCN@bNLC@c20040430 |
| 905 | @dG354.21@e17@f1@b157748 | |
| 国际专利分类表使用指南/中国专利局文献服务中心译.-北京:专利文献出版社,1984 |
| 335页;25cm |
| ISBN :CNY5.00 |
| ● |
| 相关链接 |
|
|
|
|
正题名:国际专利分类表使用指南
索取号:G354.21/17
 
预约/预借
| 序号 | 登录号 | 条形码 | 馆藏地/架位号 | 状态 | 备注 |
| 1 | 0157748 | 001570721 | 密集书库/ [索取号:G354.21/17] | 在馆 | |
| 2 | 0157749 | 000984992 | 密集书库/ [索取号:G354.21/17] | 在馆 | |
| 3 | 0157750 | 000984983 | 第一样本阅览室/ [索取号:G354.21/17] | 在馆 |